000 00355nam a2200145Ia 4500
008 191201s2004 xx 000 0 und d
082 _a620.1
_bKUE
100 _aKUMAR, K L
245 0 _aEngineering Mechanics
250 _a3rd
260 _aN.Delhi
_bTata mc Graw Hill Pubg. co. Ltd
_c2004
300 _a799
650 _aB.Tech(ME)
942 _2ddc
_cBK
_01
999 _c1132
_d1132